Opatrenie Federálneho ministerstva financií zo dňa 23. decembra 1992, ktorým sa ustanovujú postupy účtovania

Úplné znenie Opatrenia Federálneho ministerstva financií zo dňa 23. decembra 1992, ktorým sa ustanovujú postupy účtovania u fyzických osôb prevádzkujúcich podnikateľskú alebo inú zárobkovú činnosť účtujúcich v sústave jednoduchého účtovníctva, s výkladom.

Gespeichert in:
Bibliographische Detailangaben
1. Verfasser: Jeřábek, A.
Format: Buchkapitel
Sprache:Slowakisch
Schlagworte:
Tags: Tag hinzufügen
Keine Tags, Fügen Sie das erste Tag hinzu!

MARC

LEADER 00000naa a2200000 4500
001 r016396
005 20221213123102.4
041 0 |a slo 
044 |a SK 
245 1 0 |a Opatrenie Federálneho ministerstva financií zo dňa 23. decembra 1992, ktorým sa ustanovujú postupy účtovania  |c A. Jeřábek 
520 |a Úplné znenie Opatrenia Federálneho ministerstva financií zo dňa 23. decembra 1992, ktorým sa ustanovujú postupy účtovania u fyzických osôb prevádzkujúcich podnikateľskú alebo inú zárobkovú činnosť účtujúcich v sústave jednoduchého účtovníctva, s výkladom. 
610 2 0 |a FMF ČSFR Praha 
610 2 0 |a 1992 
610 2 0 |a účtovanie 
610 2 0 |a osoby fyzické 
610 2 0 |a účtovníctvo jednoduché 
610 2 0 |a podnikatelia 
100 1 |a Jeřábek, A.